000
00327nam a2200133Ia 4500
005
20251222144906.0
008
251222s9999||||xx |||||||||||||| ||spa||
082
_a
616.462/J74
100
_a
Joslin, Elliot P.
245
0
_a
Tratamiento de la diabetes sacarina
250
_a
10a.ed.
264
_b
Interamericana
942
_c
LIB
999
_c
22170
_d
22170